Fazlul Huq Speaks in Council 1913-1916 / (Record no. 7967)
[ view plain ]
| 000 -LEADER | |
|---|---|
| fixed length control field | 00605nam a2200217 a 4500 |
| 001 - CONTROL NUMBER | |
| JCCL Control Number | 7967 |
| 003 - CONTROL NUMBER IDENTIFIER | |
| JCCL marc code | BD-JhCC |
| 005 - DATE AND TIME OF LATEST TRANSACTION | |
| control field | 20180217094916.0 |
| 008 - FIXED-LENGTH DATA ELEMENTS--GENERAL INFORMATION | |
| fixed length control field | 180217s1976 bg |||| || | 000 0 eng d |
| 035 ## - SYSTEM CONTROL NUMBER | |
| system control number | (BD-JhCC)7967 |
| 040 ## - CATALOGING SOURCE | |
| Original cataloging agency | BD-JhCC |
| Modifying agency | BD-JhCC |
| 041 ## - LANGUAGE CODE | |
| Language code of Book | eng |
| 082 ## - DEWEY DECIMAL CLASSIFICATION NUMBER | |
| Classification number | 301.45297105414 |
| Author mark and Year | ISL 1976 |
| 100 ## - MAIN ENTRY--PERSONAL NAME | |
| Personal name | Islam, Sirajul |
| 245 ## - TITLE STATEMENT | |
| Title | Fazlul Huq Speaks in Council 1913-1916 / |
| Statement of responsibility, etc | Sirajul Islam, |
| 260 ## - PUBLICATION, DISTRIBUTION, ETC. (IMPRINT) | |
| Place of publication, distribution, etc | Dhaka : |
| Name of publisher, distributor, etc | Bangladesh Itihas Samiti, |
| Date of publication, distribution, etc | 1976 |
| 300 ## - PHYSICAL DESCRIPTION | |
| Pagination | 78 p. : |
| Dimensions | 22 cm. |
| 650 ## - SUBJECT ADDED ENTRY--TOPICAL TERM | |
| Topical term or geographic name as entry element | Muslims |
| General subdivision | Political Activity |
| Geographic subdivision | Bangladesh and India |
| 942 ## - ADDED ENTRY ELEMENTS (KOHA) | |
| Source of classification or shelving scheme | Dewey Decimal Classification |
| Koha item type | Books |
| Source of classification or shelving scheme | Damaged status | Not for loan | Home library | Current library | Shelving location | Date of accession | Cost, normal purchase price | Total Checkouts | Full call number | Barcode | Date last seen | Copy number | Koha item type |
|---|---|---|---|---|---|---|---|---|---|---|---|---|---|
| Dewey Decimal Classification | JCC Rouf Library | JCC Rouf Library | General Stacks | 02/17/2018 | 10.00 | 301.45297105414 ISL 1976 | 10466 | 02/17/2018 | C - 1 | Books |